Blurry Nights - BoyWithUke - Statistics

General Stats
  • This quiz has been taken 73 times
  • The average score is 237 of 273
Answer Stats
Lyrics % Correct
a
100%
blurry
100%
nights
100%
that
100%
You
100%
you
100%
But
96%
I
96%
love
96%
me
96%
mind
96%
my
96%
no
96%
out
96%
your
96%
go
93%
say
93%
the
93%
told
93%
can't
89%
Don't
89%
don't
89%
for
89%
get
89%
I'll
89%
It's
89%
it's
89%
lie
89%
of
89%
over
89%
said
89%
sky
89%
too
89%
touch
89%
And
86%
and
86%
cold
86%
haunt
86%
right
86%
slow
86%
so
86%
still
86%
Time
86%
wanna
86%
wasn't
86%
all
82%
cry
82%
friends
82%
inside
82%
just
82%
might
82%
Outside
82%
seen
82%
speak
82%
stay
82%
through
82%
you're
82%
cake
79%
I've
79%
let
79%
myself
79%
on
79%
think
79%
up
79%
want
79%
Where
79%
where
79%
birthday
75%
find
75%
getting
75%
give
75%
high
75%
lovely
75%
Sunday
75%
have
71%
lies
71%
things
71%
true
71%
Two
71%
day
68%
fucked
68%
guy
68%
hanged
68%
I'm
68%
one
68%
play
68%
sensitive
68%
thought
68%
tied
68%
were
68%
played
64%
touché
64%
done
61%
late
61%
plate
61%
got
57%
plenty
57%
with
50%
problems
43%
No matching quizzes found
Score Distribution
Percent of People with Each Score
Percentile by Number Answered
Your Score History
You have not taken this quiz